000 00341nam a2200121Ia 4500
008 240731s9999 xx 000 0 und d
022 _a1477-2809
245 0 _aVisual Resources : an international journal on images and their uses
260 _bRoutledge
856 _uhttps://www.tandfonline.com/loi/gvir20
942 _2ddc
942 _cTFEJ
999 _c80259
_d80259
945 _a1
_bMadushi Gamage
_c1
_dMadushi Gamage